[Event "Nezhmetdinov Memorial 39th"]
[Site "Kazan"]
[Date "2017.06.08"]
[Round "9"]
[White "Pogorelskikh, Sergey"]
[Black "Papyan, Artem"]
[Result "0-1"]
[WhiteElo "2233"]
[BlackElo "2160"]
[PlyCount "95"]
[EventDate "2017.05.31"]
[EventType "swiss"]
[EventRounds "9"]
[EventCountry "RUS"]
[SourceTitle "EXT 2018"]
[Source "ChessBase"]
[SourceDate "2017.10.13"]
[SourceVersion "1"]
[SourceVersionDate "2017.10.13"]
[SourceQuality "1"]

1. e4 c5 2. Nf3 Nc6 3. d4 cxd4 4. Nxd4 Nf6 5. Nc3 e5 6. Ndb5 d6 7. Bg5 a6 8. Na3 b5 9. Nd5 Be7 10. Bxf6 Bxf6 11. c3 0-0 12. Nc2 Rb8 13. Be2 Bg5 14. 0-0 a5 15. a3 Be6 16. b4 Ne7 17. Nxe7+ Bxe7 18. Ne3 Qc7 19. bxa5 Qxa5 20. Nd5 Bg5 21. g3 Rfc8 22. h4 Bd8 23. Nb4 Be7 24. Qd2 Qa8 25. Bd3 Qa5 26. Rfc1 g6 27. Bb1 Qa8 28. f3 Rc5 29. Ba2 Rbc8 30. Bd5 Qa7 31. Kg2 Bf8 32. Qa2 Qe7 33. Qd2 Qa7 34. Rc2 h5 35. g4 hxg4 36. fxg4 Qe7 37. g5 Bg7 38. a4 bxa4 39. Rxa4 Qd7 40. Bxe6 Qxe6 41. Nd5 Qg4+ 42. Kf1 Rc4 43. Ne7+ Kh7 44. Nxc8 Rxa4 45. Nxd6 Bf8 46. Ne8 Qh3+ 47. Ke2 Rxe4+ 48. Kf2 0-1

[Event "Nezhmetdinov Memorial 39th"]
[Site "Kazan"]
[Date "2017.06.01"]
[Round "2"]
[White "Abdyjapar, Asyl"]
[Black "Papyan, Artem"]
[Result "1/2-1/2"]
[WhiteElo "2390"]
[BlackElo "2160"]
[PlyCount "102"]
[EventDate "2017.05.31"]
[EventType "swiss"]
[EventRounds "9"]
[EventCountry "RUS"]
[SourceTitle "EXT 2018"]
[Source "ChessBase"]
[SourceDate "2017.10.13"]
[SourceVersion "1"]
[SourceVersionDate "2017.10.13"]
[SourceQuality "1"]

1. e4 c5 2. Nf3 Nc6 3. Bb5 g6 4. Bxc6 dxc6 5. h3 Bg7 6. d3 e5 7. 0-0 Qe7 8. Nc3 Nf6 9. Be3 Nd7 10. Qd2 Nf8 11. Ne2 Ne6 12. Nh2 Nd4 13. Nxd4 cxd4 14. Bh6 0-0 15. Bxg7 Kxg7 16. f4 c5 17. c3 exf4 18. Rxf4 dxc3 19. Qxc3+ f6 20. Nf3 Be6 21. e5 f5 22. h4 h6 23. Nd2 Rad8 24. Re1 g5 25. hxg5 hxg5 26. Rff1 Kg6 27. Nc4 Bxc4 28. dxc4 Qe6 29. Rd1 b6 30. b3 Rfe8 31. Rxd8 Rxd8 32. Re1 Rd4 33. Qf3 Rd7 34. Re2 Rd1+ 35. Kf2 Rd4 36. Qa8 Rd7 37. Ke1 Kg7 38. g3 Qg8 39. Qc6 Qd8 40. Kf2 Rd2 41. Qf6+ Kg8 42. Qxf5 Qd4+ 43. Kf1 Rd1+ 44. Kg2 Rg1+ 45. Kh2 Rh1+ 46. Kxh1 Qd1+ 47. Kg2 Qxe2+ 48. Kh3 Qh5+ 49. Kg2 Qe2+ 50. Kg1 Qe1+ 51. Kg2 Qe2+ 1/2-1/2

[Event "Shakhty KVU op"]
[Site "Shakhty"]
[Date "2015.02.20"]
[Round "8"]
[White "Matjushin, Gennady"]
[Black "Papyan, Artem"]
[Result "1-0"]
[WhiteElo "2430"]
[BlackElo "2125"]
[PlyCount "87"]
[EventDate "2015.02.14"]
[EventType "swiss"]
[EventRounds "9"]
[EventCountry "RUS"]
[SourceTitle "CBM 165 Extra"]
[Source "ChessBase"]
[SourceDate "2015.04.21"]
[SourceVersion "1"]
[SourceVersionDate "2015.04.21"]
[SourceQuality "1"]

1. e4 c5 2. Nf3 Nc6 3. Bb5 g6 4. Bxc6 dxc6 5. d3 Bg7 6. h3 Nf6 7. Nc3 Nd7 8. Be3 e5 9. Qd2 Qe7 10. Bh6 f6 11. Bxg7 Qxg7 12. Ne2 Nf8 13. a3 a5 14. 0-0 a4 15. c3 Ne6 16. d4 cxd4 17. cxd4 exd4 18. Nfxd4 0-0 19. Rad1 Qe7 20. Rfe1 Re8 21. Nc3 Qf7 22. Qe3 Nf8 23. Qg3 Kh8 24. f4 Ne6 25. Nf3 Qc7 26. e5 f5 27. Kh2 Ng7 28. Rd4 Qe7 29. Red1 Nh5 30. Qf2 b5 31. Qd2 Be6 32. Ng5 Ra7 33. Qe3 Bb3 34. R1d2 Rc7 35. Rd6 Ng7 36. Qf2 Bc4 37. Qh4 Ne6 38. Rxe6 Bxe6 39. Rd6 Bg8 40. Rxg6 b4 41. axb4 Qxb4 42. Nxh7 Qe7 43. Nf6+ Bh7 44. Rh6 1-0

[Event "Shakhty KVU op"]
[Site "Shakhty"]
[Date "2015.02.19"]
[Round "7"]
[White "Papyan, Artem"]
[Black "Tkachenko, Evgeny"]
[Result "1/2-1/2"]
[WhiteElo "2125"]
[BlackElo "1902"]
[PlyCount "82"]
[EventDate "2015.02.14"]
[EventType "swiss"]
[EventRounds "9"]
[EventCountry "RUS"]
[SourceTitle "CBM 165 Extra"]
[Source "ChessBase"]
[SourceDate "2015.04.21"]
[SourceVersion "1"]
[SourceVersionDate "2015.04.21"]
[SourceQuality "1"]

1. e4 c5 2. Nc3 Nc6 3. g3 d6 4. Bg2 g6 5. d3 Bg7 6. Be3 Nd4 7. h3 e6 8. Nge2 Ne7 9. 0-0 0-0 10. f4 Nec6 11. a3 Bd7 12. g4 f5 13. exf5 gxf5 14. g5 Qe8 15. Ng3 Ne7 16. Bxd4 cxd4 17. Nb1 Bc6 18. Qe2 Bxg2 19. Qxg2 Nd5 20. Rf2 Rc8 21. Qf3 Qc6 22. Nh5 Ne3 23. Qxc6 Rxc6 24. Nxg7 Kxg7 25. c4 b5 26. Nd2 bxc4 27. Nf3 cxd3 28. Nxd4 Nc2 29. Nxc6 Nxa1 30. Nb4 Nb3 31. Nxd3 Rc8 32. Kf1 Kg6 33. Kg2 Rc4 34. Kg3 a5 35. Ne1 Re4 36. Nf3 Re3 37. Kg2 e5 38. Nh4+ Kh5 39. Nxf5 Rd3 40. Ng3+ Kh4 41. Nf5+ Kh5 1/2-1/2

[Event "RUS-ch Students"]
[Site "Belgorod"]
[Date "2009.10.07"]
[Round "3"]
[White "Ogloblin, Nikolay"]
[Black "Papyan, Artem"]
[Result "1/2-1/2"]
[WhiteElo "2417"]
[BlackElo "2040"]
[PlyCount "124"]
[EventDate "2009.10.05"]
[EventType "swiss"]
[EventRounds "9"]
[EventCountry "RUS"]
[SourceTitle "EXT 2010"]
[Source "ChessBase"]
[SourceDate "2010.11.25"]
[SourceVersion "1"]
[SourceVersionDate "2010.11.25"]
[SourceQuality "1"]

1. d4 g6 2. e4 Bg7 3. Nc3 d6 4. Be3 Nd7 5. Qd2 c6 6. f3 b5 7. g4 Nb6 8. h4 h5 9. g5 e6 10. a4 Nc4 11. Bxc4 bxc4 12. a5 Ne7 13. Nge2 0-0 14. Bf4 Qc7 15. Na4 Rd8 16. Bg3 Ba6 17. Kf2 Bb5 18. Kg2 Qc8 19. Nac3 Ba6 20. Qe3 Qd7 21. Ra2 Rab8 22. Rd1 Rb7 23. Rd2 Rdb8 24. Nd1 Qd8 25. Qa3 Rd7 26. Ne3 Rc8 27. Ra1 d5 28. e5 Bf8 29. Qa2 Rb7 30. Nc3 Bb5 31. Rdd1 Rcb8 32. Be1 Nc8 33. Ne2 Ba6 34. Bc3 Qc7 35. f4 Ne7 36. Rd2 Rb5 37. Qb1 Bb7 38. Kh2 Ba8 39. Qd1 Nc8 40. Ng3 a6 41. Rg2 Bg7 42. Nxh5 gxh5 43. f5 Ne7 44. f6 Ng6 45. Qxh5 Nf4 46. Qg4 Nxg2 47. Kxg2 Qd8 48. fxg7 Kxg7 49. Rf1 Qh8 50. Rf6 Qh7 51. g6 fxg6 52. Qxe6 R5b7 53. Bb4 Kh8 54. Rxg6 Rg7 55. Rg5 Rbg8 56. Nf5 Rxg5+ 57. hxg5 Rxg5+ 58. Ng3 Qxc2+ 59. Kh3 Qh7+ 60. Kg2 Qc2+ 61. Kh3 Qh7+ 62. Kg2 Qc2+ 1/2-1/2

[Event "RUS-chT U26"]
[Site "Belgorod"]
[Date "2008.10.09"]
[Round "5"]
[White "Papyan, Artem"]
[Black "Solomin, Maxim"]
[Result "1-0"]
[WhiteElo "2040"]
[BlackElo "1912"]
[PlyCount "75"]
[EventDate "2008.10.05"]
[EventType "team"]
[EventRounds "9"]
[EventCountry "RUS"]
[SourceTitle "EXT 2010"]
[Source "ChessBase"]
[SourceDate "2010.11.25"]
[SourceVersion "1"]
[SourceVersionDate "2010.11.25"]
[SourceQuality "1"]

1. f4 c5 2. Nf3 Nc6 3. e3 g6 4. Bb5 Bg7 5. Bxc6 bxc6 6. 0-0 Nf6 7. Nc3 Qa5 8. d3 0-0 9. h3 Rb8 10. Qe1 Qc7 11. Qh4 d6 12. e4 c4 13. e5 Nd5 14. d4 Nxc3 15. bxc3 f6 16. a4 c5 17. Ba3 Bf5 18. exd6 exd6 19. dxc5 dxc5 20. Qf2 Qxf4 21. Bxc5 Rfe8 22. Rad1 Rb7 23. Bd6 Qe4 24. Rde1 Qc6 25. Nd4 Qxa4 26. Nxf5 gxf5 27. Qxf5 Rf7 28. Rxe8+ Qxe8 29. Qd5 Bf8 30. Bxf8 Kxf8 31. Qxc4 Qe3+ 32. Kh1 Kg7 33. Rf3 Qe5 34. Qg4+ Qg5 35. Qd4 h6 36. Qd3 Qe5 37. Rg3+ Kh8 38. Qd8+ 1-0

[Event "Novoshachtinsk op"]
[Site "Novoshachtinsk"]
[Date "2007.02.??"]
[Round "4"]
[White "Karibov, Evgeny"]
[Black "Papyan, Artem"]
[Result "1-0"]
[WhiteElo "1933"]
[BlackElo "2064"]
[PlyCount "90"]
[EventDate "2007.02.??"]
[EventType "swiss"]
[EventRounds "9"]
[EventCountry "RUS"]
[SourceTitle "EXT 2010"]
[Source "ChessBase"]
[SourceDate "2010.11.25"]
[SourceVersion "1"]
[SourceVersionDate "2010.11.25"]
[SourceQuality "1"]

1. e4 c5 2. Nf3 a6 3. Nc3 Nc6 4. d4 cxd4 5. Nxd4 e6 6. Be3 Qc7 7. Bd3 Nf6 8. 0-0 Be7 9. Qf3 d6 10. Nb3 b5 11. Qg3 Ne5 12. f3 h5 13. Qf2 Nfd7 14. Qd2 Bb7 15. h3 Rg8 16. f4 Nc4 17. Bxc4 bxc4 18. Nc1 Nf6 19. e5 dxe5 20. f5 exf5 21. Rxf5 Ne4 22. Nxe4 Bxe4 23. Rf1 Bc5 24. Bxc5 Qxc5+ 25. Kh2 g5 26. Qe2 Bc6 27. Qxh5 0-0-0 28. Ne2 g4 29. h4 Rd2 30. Qf5+ Kb8 31. Rae1 g3+ 32. Kh1 Qd5 33. Rg1 Bd7 34. Qf6 Rg6 35. Qf3 Qd6 36. Nxg3 Bc6 37. Qe3 Qd7 38. Kh2 Rd4 39. Qxe5+ Kb7 40. Nf5 Rxh4+ 41. Nxh4 Qg4 42. Nxg6 Qxg6 43. Qg3 Qh5+ 44. Qh3 Qg5 45. Re3 Qf4+ 1-0

[Event "Novoshachtinsk op"]
[Site "Novoshachtinsk"]
[Date "2007.02.??"]
[Round "2"]
[White "Makarkin, Zhan"]
[Black "Papyan, Artem"]
[Result "1-0"]
[WhiteElo "2176"]
[BlackElo "2064"]
[PlyCount "31"]
[EventDate "2007.02.??"]
[EventType "swiss"]
[EventRounds "9"]
[EventCountry "RUS"]
[SourceTitle "EXT 2010"]
[Source "ChessBase"]
[SourceDate "2010.11.25"]
[SourceVersion "1"]
[SourceVersionDate "2010.11.25"]
[SourceQuality "1"]

1. e4 c5 2. Nf3 d6 3. d4 cxd4 4. Nxd4 Nf6 5. Nc3 g6 6. Be3 Bg7 7. f3 Nc6 8. Qd2 0-0 9. g4 Be6 10. h4 Nxd4 11. Bxd4 Rc8 12. h5 Bc4 13. hxg6 fxg6 14. Bxc4+ Rxc4 15. Bxf6 Rxf6 16. Qd5+ 1-0